| 000 | 00605nam a2200181 a 4500 | ||
|---|---|---|---|
| 001 | 000030315 | ||
| 005 | 20210622122544.0 | ||
| 008 | 110509s1969 dr 000 0 spa d | ||
| 040 |
_aDO-SdBNP _bspa _cBNPHU |
||
| 082 |
_axxx _bD542d |
||
| 100 | 1 |
_aDíaz Santana, Arismendi _91343 |
|
| 245 | 1 | 0 |
_aDesarrollo y descomposición de la economía dominicana / _cArismendi Díaz Santana. |
| 260 |
_aSanto Domingo _fImpresiones M. D. _c1969. |
||
| 300 |
_a36 p. ; _c22 cm. |
||
| 500 | _aIncluye notas al pie de las páginas | ||
| 500 | _aIncluye datos biográficos del autor en la contraportada | ||
| 049 | _aBNPD | ||
| 999 |
_c29807 _d29807 |
||